Двухшнековые сонаправленные экструдеры. Основы, технология, применение: пер. с англ.

Dades bibliogràfiques
Autor principal: Колгрюбер К. Клеменс
Sumari:Книга полностью посвящена двухшнековым сонаправленным экструдерам - экструдерам с двумя шнеками, вращающимися в одном направлении. Подробно рассмотрены конструкции цилиндра, шнеков, поведение материала и технологические процессы в различных зонах. Даны рекомендации по выбору экструдера и организации работы экструзионной линии на основе практического опыта, технологических расчетов и решений. Приведены многочисленные примеры применения экструдеров в пищевой и фармацевтической отраслях и для компаундирования полимеров. Руководство предназначено для специалистов инженерно-технического профиля экструзионных производств, призводителей компаундов, преподавателей и студентов профильных специальностей.
Idioma:rus
Publicat: Санкт-Петербург, Профессия, 2016
Matèries:
Format: Llibre
KOHA link:https://koha.lib.tpu.ru/cgi-bin/koha/opac-detail.pl?biblionumber=318793

MARC

LEADER 00000nam0a2200000 4500
001 318793
005 20231102003120.0
010 |a 9785918840771 
035 |a (RuTPU)RU\TPU\book\344294 
090 |a 318793 
100 |a 20160506d2016 km y0rusy50 ca 
101 1 |a rus  |c eng 
102 |a RU 
105 |a a z 001zy 
200 1 |a Двухшнековые сонаправленные экструдеры. Основы, технология, применение  |e пер. с англ.  |f К. Колгрюбер 
210 |a Санкт-Петербург  |c Профессия  |d 2016 
215 |a 352 с.  |c ил. 
320 |a Библиография в конце глав 
330 |a Книга полностью посвящена двухшнековым сонаправленным экструдерам - экструдерам с двумя шнеками, вращающимися в одном направлении. Подробно рассмотрены конструкции цилиндра, шнеков, поведение материала и технологические процессы в различных зонах. Даны рекомендации по выбору экструдера и организации работы экструзионной линии на основе практического опыта, технологических расчетов и решений. Приведены многочисленные примеры применения экструдеров в пищевой и фармацевтической отраслях и для компаундирования полимеров. Руководство предназначено для специалистов инженерно-технического профиля экструзионных производств, призводителей компаундов, преподавателей и студентов профильных специальностей. 
606 1 |a Экструдеры  |2 stltpush  |3 (RuTPU)RU\TPU\subj\26808  |9 50652 
610 1 |a двухшнековые экструдеры 
610 1 |a история 
610 1 |a полимерные расплавы 
610 1 |a реологические свойства 
610 1 |a компаундирование 
610 1 |a геометрия 
610 1 |a моделирование 
610 1 |a давление 
610 1 |a генерация 
610 1 |a течение 
610 1 |a динамика 
610 1 |a расчет 
610 1 |a смешение 
610 1 |a диспергирование 
610 1 |a дегазация 
610 1 |a масштабирование 
610 1 |a шнеки 
610 1 |a элементы 
610 1 |a патенты 
610 1 |a химическая промышленность 
610 1 |a материалы 
610 1 |a приводы 
675 |a 678.057  |v 4 
700 1 |a Колгрюбер  |b К.  |g Клеменс 
801 1 |a RU  |b 63413507  |c 20160506 
801 2 |a RU  |b 63413507  |c 20160713  |g RCR 
942 |c BK 
959 |a 32/20160331  |d 1  |e 1900,00  |f ЧЗТЛ:1